| 000 | 00429nam a2200181Ia 4500 | ||
|---|---|---|---|
| 003 | OSt | ||
| 005 | 20240118143650.0 | ||
| 008 | 210210b1935 xxu||||| |||| 00| 0 eng d | ||
| 040 | _cAL | ||
| 041 | _aKannada | ||
| 082 | _a851/530 | ||
| 100 |
_a- _9148208 |
||
| 245 | _aKarna charite ಕರ್ಣ ಚರಿತೆ | ||
| 260 |
_aMangaluru _b- _c1935 |
||
| 690 |
_aKannada Poetry _9148209 |
||
| 906 | _a018547 | ||
| 942 |
_2ddc _cBK |
||
| 999 |
_c142056 _d142056 |
||